Statistics for Manchester City Trivia

Click here to take the quiz!

General Stats

  • This quiz has been taken 2,617 times
    (934 since last reset)
  • The average score is 10 of 18

Answer Stats

QuestionAnswer% Correct
Who is the current manager of Manchester City?Pep Guardiola
95%
What is the name of Manchester City's stadium?Etihad Stadium
93%
With which club does Manchester City contest the Manchester Derby?Manchester United
89%
Which Argentinian is Manchester City's all-time record goalscorer with 260?Sergio Agüero
88%
Who is the current captain of Manchester City?Kevin De Bruyne
86%
In the 2022/23 season, which Manchester City player broke the record for most goals in a Premier League season?Erling Haaland
84%
Who is Manchester City's record signing, arriving from Aston Villa for £100m in 2021?Jack Grealish
81%
What is Manchester City's nickname?The {Cityzens}
79%
Which Manchester City legend captained the club from 2011 until 2019?Vincent Kompany
78%
What is Manchester City's club anthem?Blue Moon
52%
Which Brazilian became Manchester City's first signing under the Abu Dhabi Group for a then-British record fee of £32.5m in 2008?Robinho
52%
What was the name of Manchester City's former ground, where they played from 1923 until 2003?Maine Road
48%
Moonbeam
23%
What are the names of Manchester City's mascots?Moonchester
23%
In a poll conducted by Manchester City in 2005, whose goal in the 1999 Second Division Play-Off Final was voted the club's greatest ever?Paul Dickov
18%
Which Englishman holds the record for most Manchester City appearances with 676?Alan Oakes
11%
Who co-managed Manchester City to the First Division title in 1968?Joe Mercer
9%
Malcolm Allison
7%

Score Distribution

Percentile by Number Answered

Percent of People with Each Score

Your Score History

You have not taken this quiz since the last reset